| 000 | 00604nam a2200205 a 4500 | ||
|---|---|---|---|
| 005 | 20240920064106.0 | ||
| 008 | 031205s2003 mx r 000 0 spa d | ||
| 020 | _a8483166097 | ||
| 035 | _aUPN01000131105 | ||
| 049 | _aCG | ||
| 050 | 4 |
_aLC37 _bE8.3 |
|
| 100 | 1 | _aEscaja Miguel, Antonio | |
| 245 | 1 | 0 |
_aEducar en familia : _bpropuestas para una educación preventiva / _cAntonio Escaja Miguel. |
| 260 |
_aMadrid : _bCCS, _c2003. |
||
| 300 | _a143 p. | ||
| 440 | 0 |
_aMateriales para educadores ; _v66 |
|
| 650 | 4 |
_aEducación familiar _97274 |
|
| 650 | 4 |
_aEducación de niños _95387 |
|
| 905 | _aLibro | ||
| 999 |
_c103260 _d103260 |
||